Na czym oprócz mebli zdarza nam się siedzieć? - Statystyki

Ogólne statystyki
  • Ten quiz został rozwiązany 6 razy
  • Średni wynik to 3 z 8
Statystyki odpowiedzi
Hint Odpowiedź % Poprawnych
8. dywanie
67%
2. podłodze
50%
1. kocu
33%
4. murku
33%
6. rowerze
33%
7. kolanach
17%
3. toalecie
17%
5. głowie
0%
Nie znaleziono quizów pasujących do podanych kryteriów
Rozkład punktacji
Procent ludzi z każdym wynikiem
Percentyl według liczby udzielonych odpowiedzi
Twoja historia wyników
Nie rozwiązałeś tego quizu